000 00425nam a22001577a 4500
020 _a978-81-7381-845
082 _a823
_bLON/C
100 _aLONDON, JACK
245 _aTHE CALL OF THE WILD
_bADAPTED BY TERRY O'BRIEN
246 _aTHE CALL OF THE WILD
_bADAPTED BY TERRY O'BRIEN
260 _aKOLKATA
_bNEW CENTRAL BOOK AGENCY (P) LTD
_c2013
300 _a112
520 _aSHORT STORY
650 _aSHORT STORY
942 _cBK
999 _c2968
_d2968